Premiers ministres de la cinquième République française - Statistiques

Statistiques générales
  • Ce quiz a été pris 158 fois
    16 depuis la dernière actualisation
  • Le résultat moyen est 22 sur 29
Statistiques - réponses
Date de Passage Premier Ministre % Correct
2007-2012 François Fillon
100%
1974-1976 Jacques Chirac
100%
1986-1988 Jacques Chirac
100%
2005-2007 Dominique de Villepin
92%
2017-2020 Édouard Philippe
92%
2022-2024 Élisabeth Borne
92%
2024-2025 François Bayrou
92%
2024 Gabriel Attal
92%
1962-1968 Georges Pompidou
92%
1997-2002 Lionel Jospin
92%
2014-2016 Manuel Valls
92%
2025- Sébastien Lecornu
92%
1991-1992 Édith Cresson
83%
2020-2022 Jean Castex
83%
2024 Michel Barnier
83%
1959-1962 Michel Debré
83%
2016-2017 Bernard Cazeneuve
75%
2012-2014 Jean-Marc Ayrault
75%
1984-1986 Laurent Fabius
75%
1969-1972 Jacques Chaban-Delmas
67%
1992-1993 Pierre Bérégovoy
67%
1976-1981 Raymond Barre
67%
1993-1995 Édouard Balladur
58%
1995-1997 Alain Juppé
50%
2002-2005 Jean-Pierre Raffarin
50%
1988-1991 Michel Rocard
50%
1981-1984 Pierre Mauroy
50%
1972-1974 Pierre Messmer
50%
1968-1969 Maurice Couve de Murville
33%
Aucun quiz correspondant
Distribution des résultats
% des personnes avec chaque résultat
Percentile par nombre de réponses
Votre historique - résultats
Vous n’avez pas pris ce quiz depuis la dernière actualisation